|
|
|
|
| LEADER |
01572nam a2200457 a 4500 |
| 001 |
nkc20122388413 |
| 003 |
CZ PrNK |
| 005 |
20121009111101.0 |
| 007 |
ta |
| 008 |
120725s2012 xr a f 000 0 hun |
| 015 |
|
|
|a cnb002388413
|
| 020 |
|
|
|a 978-80-87106-56-3
|q (brož.)
|
| 035 |
|
|
|a (OCoLC)817048036
|
| 040 |
|
|
|a OLA001
|b cze
|d ABA001
|
| 072 |
|
7 |
|a 658
|x Řízení a správa podniku
|2 Konspekt
|9 4
|
| 080 |
|
|
|a 663/664
|2 MRF
|
| 080 |
|
|
|a 658.8:316.77
|2 MRF
|
| 080 |
|
|
|a 366.1
|2 MRF
|
| 080 |
|
|
|a 316.346.32-053.9
|2 MRF
|
| 080 |
|
|
|a (048.8)
|2 MRF
|
| 100 |
1 |
|
|a Véghová, Katarína
|7 ola2012715827
|4 aut
|
| 245 |
1 |
3 |
|a Az élelmiszerfogyasztói magatartás változása és a változásokra ható tényezők az időskorban /
|c Véghová Katarína
|
| 260 |
|
|
|a Bučovice :
|b Martin Stříž,
|c 2012
|
| 300 |
|
|
|a 109 s. :
|b il. ;
|c 21 cm
|
| 500 |
|
|
|a Část. tištěno napříč
|
| 504 |
|
|
|a Obsahuje bibliografii
|
| 650 |
0 |
7 |
|a potraviny
|7 ph115833
|2 czenas
|
| 650 |
0 |
7 |
|a marketingová komunikace
|7 ph115228
|2 czenas
|
| 650 |
0 |
7 |
|a spotřebitelské chování
|7 ph125966
|2 czenas
|
| 650 |
0 |
7 |
|a senioři
|7 ph117267
|2 czenas
|
| 650 |
0 |
9 |
|a food
|2 eczenas
|
| 650 |
0 |
9 |
|a communication in marketing
|2 eczenas
|
| 650 |
0 |
9 |
|a consumer behavior
|2 eczenas
|
| 650 |
0 |
9 |
|a older people
|2 eczenas
|
| 655 |
|
7 |
|a monografie
|7 fd132842
|2 czenas
|
| 655 |
|
9 |
|a monographs
|2 eczenas
|
| 910 |
2 |
|
|a BOA001
|b 2-1288.743
|
| 990 |
|
|
|a BK
|
| 995 |
|
|
|a 01
|
| 991 |
|
|
|b 201209
|c NOV
|e n
|
| 996 |
6 |
|
|b 2610519649
|c 2-1288.743
|l MZK
|r Sklad / do 1 hodiny
|n 0
|p p.v.
|w 001274781
|u 000010
|a 1
|e BOA001
|j MZK50
|s P
|